000 01217nam a2200229Ia 4500
001 L200-55413
003 IT-CnALBA
008 170116s9999||||xx |||||||||||||| ||und||
040 _aIT-CnALBA
_cIT-CnALBA
041 _aITALIANO
100 _aSARTORIO UGO
245 0 _aCREDERE IN DIALOGO. PERCORSI DI FEDE E DI ANNUNCIO.
250 _a1a ed.
260 _a PADOVA
_bMESSAGGERO EDIZIONI
_c2002 [1° Ed.:2002 - Ed.Ling.Originale: 2002]
300 _a224 p.
500 _aPERCORSI TEOLOGICI. RENDERE RAGIONE DELLA FEDE CRISTIANA. APOLOGETICA OGGI. COMUNICAZIONE FEDE. NUOVA EVANGELIZZAZIONE. LE "RIVELAZIONI PRIVATE". ANNUNCIO CRISTIANO ALLE RELIGIONI TRA TOLLERANZA E INTOLLERANZA. S. FRANCESCO E L'ISLAM. UN RACCONTO APERTO,
501 _aSocietà San Paolo EM - Piazza San Paolo, 14 - 12051 ALBA (CN) (non commercial uses only) ® Copyright 2017
520 _aPERCORSI TEOLOGICI. RENDERE RAGIONE DELLA FEDE CRISTIANA. APOLOGETICA OGGI. COMUNICAZIONE FEDE. NUOVA EVANGELIZZAZIONE. LE "RIVELAZIONI PRIVATE". ANNUNCIO CRISTIANO ALLE RELIGIONI TRA TOLLERANZA E INTOLLERANZA. S. FRANCESCO E L'ISLAM. UN RACCONTO APERTO,
650 _aRELIGIONE - RELIGIONE CRISTIANA
942 _cBK
957 _71
999 _a72913
_bNO
_g Copie: 1
_c314265
_d314265